| 000 | 00376nam a22001337a 4500 | ||
|---|---|---|---|
| 008 | 181001b xxu||||| |||| 00| 0 eng d | ||
| 020 | _a9780471272144 | ||
| 041 | _aeng | ||
| 080 | _a621 | ||
| 100 | _a16 | ||
| 101 | _aENG | ||
| 245 |
_aProbality And Stochastic Processes A friendly Introduction For Electrical And Computer Engineers _cYates.R.D |
||
| 942 |
_2udc _cBK |
||
| 999 |
_c48717 _d48717 |
||